000 00297cam a2200109u 4500
050 0 0 _aQA106
_b.S712
100 1 _aStein, Edwin I. [from old catalog]
245 1 0 _aSecond course in fundamentals of mathematics
260 _aBoston,
_bAllyn and Bacon,
_c1966.
300 _axi, 355 p.
942 _2lcc
_cGEN
999 _c11701
_d11701